000 01384cab a2200217 4500
001 ABS68639
008 050124n2005 000 0 eng u
035 _a(Sirsi) u128577
100 _aClarke, P.
245 _aMaking the most of density
260 _c2005
490 _aPlanning (for the Natural and Built Environment)
_v(1601) 7 January 2005, 16(1)
520 _aSees density as a key variable in the delivery of sustainable communities but questions how well its contribution at different spatial scales is understood and how it relates to other policy and development considerations. The density issue is important because land resources must be used prudently, communities need to have enough critical mass to support local facilities and density should be tied to the accessibility of local facilities and public transport. Focuses on the German infrastructure led approach developed in Freiburg. Concludes that the greatest barrier to delivering sustainable communities is the public's antipathy to new housing and that development models must be created, which are capable of providing many additional homes efficiently and in long-term sustainable forms.
590 _aABS
650 _aHIGH DENSITY HOUSING
650 _aHIGH DENSITY DEVELOPMENT
650 _aSUSTAINABLE COMMUNITIES
650 _aLAND RESOURCE
690 _aHOUSING-DEVELOPMENT
942 _n0
999 _c74737
_d74737